Las técnicas del observador: visión y modernidad en el siglo XIX

Bewaard in:
Bibliografische gegevens
Hoofdauteur: Crary, Jonathan (Auteur)
Formaat: Boek
Taal:Spaans
Gepubliceerd in: Murcia Cendeac 2008
Reeks:Ad Literam, 4
Onderwerpen:
Tags: Voeg label toe
Geen labels, Wees de eerste die dit record labelt!

MARC

LEADER 00000cam a2200000 a 4500
001 UCI7445
003 CL-VaPUC
008 080703e20080000SP |||||||||||||||||spa|d
020 |a 9788496898196 
082 0 4 |a 701.15  |b CRA  |2 21 
100 0 |a Crary, Jonathan  |e author  |9 530704 
245 1 4 |a Las técnicas del observador: visión y modernidad en el siglo XIX 
300 |a 223 p 
942 |c BK 
945 |d 20080703 00:00:00  |a rbrito 
260 |a Murcia  |b Cendeac  |c 2008 
650 0 |a Percepción visual  |9 267039 
650 0 |a Arte moderno   |y Siglo 19   |9 330420 
650 0 |a Arte y sociedad   |9 306277 
583 |a last modification  |c 20160520 09:35:35  |k Rodrigo Vera 
490 0 |a Ad Literam, 4 
999 |c 330734  |d 330732 
952 |0 0  |1 0  |4 0  |6 701_150000000000000_CRA_2008  |7 0  |8 R  |9 416479  |a BIBART  |b BIBART  |d 2019-11-22  |i 4455177  |l 7  |o 701.15 CRA 2008  |p 4455177  |r 2025-03-13  |s 2023-05-24  |w 2019-11-22  |y BK_R  |k ART 
952 |0 0  |1 0  |3 erb  |4 0  |6 701_150000000000000_CRA_2008  |7 0  |8 A  |9 416481  |a FDOPOS  |b BIBEDU  |i 5357713  |l 2  |o 701.15 CRA 2008  |p 5357713  |r 2025-01-22  |s 2024-12-03  |w 2019-11-22  |y BK  |z Catalogado en:20161230  |k MLH